| 000 | 00821nam a2200253 i 4500 | ||
|---|---|---|---|
| 003 | EG-ScBUE | ||
| 005 | 20230531094444.0 | ||
| 008 | 090423t2008 gw a f 000 0 eng d | ||
| 020 | _a9783833147962 | ||
| 040 |
_aEG-ScBUE _beng _erda _cEG-ScBUE _dEG-ScBUE |
||
| 082 | 0 | 4 |
_222 _a724 _bTIE |
| 100 | 1 |
_aTietz, Jürgen, _d1964- _eauthor. |
|
| 245 | 0 | 4 |
_aThe story of modern architecture / _cJürgen Tietz. |
| 264 | 1 |
_a[Berlin] : _bH. F. Ullman, _c[2008] |
|
| 264 | 4 | _cc2008 | |
| 300 | 1 | C |
_a128 pages : _bcolor illustrations ; _c30 cm |
| 336 |
_2rdacontent _atext _btxt |
||
| 337 |
_2rdamedia _aunmediated _bn |
||
| 338 |
_2rdacarrier _avolume _bnc |
||
| 546 | _aText in English ; translated from the original German. | ||
| 650 | 7 |
_94172 _aArchitecture, Modern _xHistory. _2BUEsh |
|
| 655 | _vReading book | ||
| 942 |
_2ddc _cNB |
||
| 999 |
_c11412 _d11412 |
||